[Event "Goch op 26th"]
[Site "Goch"]
[Date "2015.09.04"]
[Round "3"]
[White "Arts, Stefan"]
[Black "Leyens, Klaus"]
[Result "1-0"]
[WhiteElo "2168"]
[BlackElo "1584"]
[PlyCount "37"]
[EventDate "2015.09.03"]
[EventType "swiss"]
[EventRounds "7"]
[EventCountry "GER"]
[SourceTitle "EXT 2018"]
[Source "ChessBase"]
[SourceDate "2017.10.13"]
[SourceVersion "1"]
[SourceVersionDate "2017.10.13"]
[SourceQuality "1"]

1. d4 d5 2. Nf3 Nf6 3. e3 Bg4 4. c4 e6 5. Qb3 b6 6. Ne5 Bf5 7. Nc3 a6 8. cxd5 exd5 9. Be2 Be7 10. Bf3 Be6 11. Qa4+ Kf8 12. 0-0 g6 13. e4 Kg7 14. Bf4 dxe4 15. Nxe4 Nxe4 16. Bxe4 Bd5 17. Nxf7 Kxf7 18. Bxc7 Qxc7 19. Bxd5+ 1-0